000
00212 a2200109 4500
020
_a
9780765277138
041
_a
spa
100
_a
Ganeri;Anita
245
_a
Un aò¨ en la antantida
942
_c
BK
952
_7
1
999
_c
19461
_d
19461